[Event "Vergani Le Terrazze-Elite 2019"]
[Site "Villorba"]
[Date "2019.01.04"]
[Round "5"]
[White "Sonis, Francesco"]
[Black "Jobava, Baadur"]
[Result "1/2-1/2"]
[WhiteElo "2473"]
[BlackElo "2629"]
[Annotator "RC"]
[PlyCount "133"]
[EventDate "2019.01.02"]
[EventType "swiss"]
[EventCountry "ITA"]
[SourceTitle "playchess.com"]
[Source "ChessBase"]
[SourceQuality "1"]
[TimeControl "5400+30"]

1. e4 {[%emt 0:01:19]} c5 {[%emt 0:00:00]} 2. Nf3 {[%emt 0:00:04]} e6 {[%emt 0:00:00]} 3. d4 {[%emt 0:00:03]} cxd4 {[%emt 0:00:00]} 4. Nxd4 {[%emt 0:00:04]} a6 {[%emt 0:00:00]} 5. c4 {[%emt 0:00:05]} Nf6 {[%emt 0:00:29]} 6. Nc3 {[%emt 0:00:33]} Bb4 {[%emt 0:01:33]} 7. Qd3 {[%emt 0:00:06]} d6 {[%emt 0:12:56]} 8. Nc2 {[%emt 0:04:25]} Bxc3+ {[%emt 0:00:08]} 9. Qxc3 {[%emt 0:00:07]} e5 {[%emt 0:00:13]} 10. Bd3 {[%emt 0:00:16]} Be6 {[%emt 0:00:21]} 11. O-O {[%emt 0:00:55]} Nbd7 {[%emt 0:00:14]} 12. b3 {[%emt 0:11:57]} O-O {[%emt 0:00:37]} 13. Ba3 {[%emt 0:04:45]} Nc5 {[%emt 0:05:36]} 14. Bxc5 {[%emt 0:02:25]} dxc5 {[%emt 0:00:06]} 15. Rad1 {[%emt 0:00:03]} Nd7 {[%emt 0:03:56]} 16. Ne3 {[%emt 0:00:05]} Qg5 {[%emt 0:04:15]} 17. g3 {[%emt 0:09:22]} Bh3 {[%emt 0:09:15]} 18. Rfe1 {[%emt 0:00:03]} Rfd8 {[%emt 0:00:23]} 19. Bf1 {[%emt 0:01:50]} Bxf1 {[%emt 0:01:22]} 20. Kxf1 {[%emt 0:01:02]} Nf6 {[%emt 0:03:41]} 21. Nd5 {[%emt 0:00:47]} Nxd5 {[%emt 0:04:43]} 22. exd5 {[%emt 0:00:22]} f6 {[%emt 0:00:24]} 23. Qa5 {[%emt 0:07:03]} b5 {[%emt 0:00:51]} 24. cxb5 {[%emt 0:00:50]} axb5 {[%emt 0:00:06]} 25. Qxb5 {[%emt 0:00:04]} Rxa2 {[%emt 0:00:55]} 26. Qxc5 {[%emt 0:00:46]} Qf5 {[%emt 0:00:29]} 27. Kg1 {[%emt 0:09:57]} h5 {[%emt 0:05:41]} 28. Qb6 {[%emt 0:08:55]} Kh7 {[%emt 0:02:22]} 29. Rf1 {[%emt 0:00:39]} h4 {[%emt 0:00:20]} 30. Qb4 {[%emt 0:09:24]} hxg3 {[%emt 0:04:17]} 31. hxg3 {[%emt 0:02:40]} Kg6 {[%emt 0:05:28]} 32. d6 {[%emt 0:07:59]} Rh8 {[%emt 0:35:19]} 33. Qb7 {[%emt 0:04:29]} Ra7 {[%emt 0:00:00]} 34. Qg2 {[%emt 0:00:10]} Rb8 {[%emt 0:00:00]} 35. Qd5 {[%emt 0:01:26]} Rd7 {[%emt 0:00:00]} 36. Kg2 {[%emt 0:03:43]} Rbd8 {[%emt 0:00:00]} 37. Qf3 {[%emt 0:00:45]} Rb8 {[%emt 0:00:00]} 38. Qxf5+ {[%emt 0:02:31]} Kxf5 {[%emt 0:00:00]} 39. Rd3 {[%emt 0:00:03]} e4 {[%emt 0:00:00]} 40. Rd5+ {[%emt 0:01:44]} Ke6 {[%emt 0:00:00]} 41. Rd4 {[%emt 0:00:27]} Ke5 {[%emt 0:00:00]} 42. Rfd1 {[%emt 0:00:18]} Rxb3 {[%emt 0:00:00]} 43. Rd5+ {[%emt 0:00:18]} Ke6 {[%emt 0:00:00]} 44. g4 {[%emt 0:01:23]} g6 {[%emt 0:00:00]} 45. Ra5 {[%emt 0:01:40]} Rd3 {[%emt 0:00:00]} 46. Re1 {[%emt 0:00:54]} f5 {[%emt 0:00:00]} 47. Rh1 {[%emt 0:00:11]} f4 {[%emt 0:00:00]} 48. Ra4 {[%emt 0:01:13]} Kd5 {[%emt 0:00:00]} 49. Ra5+ {[%emt 0:01:12]} Kxd6 {[%emt 0:00:00]} 50. Ra6+ {[%emt 0:00:04]} Ke5 {[%emt 0:00:00]} 51. Rxg6 {[%emt 0:00:18]} Rf7 {[%emt 0:08:25]} 52. Rh5+ {[%emt 0:00:34]} Kd4 {[%emt 0:00:03]} 53. Ra5 {[%emt 0:00:04]} Kc3 {[%emt 0:01:05]} 54. Rc6+ {[%emt 0:02:15]} Kd2 {[%emt 0:00:39]} 55. Ra2+ {[%emt 0:00:58]} Ke1 {[%emt 0:00:03]} 56. Rc1+ {[%emt 0:01:26]} Rd1 {[%emt 0:00:01]} 57. Rcc2 {[%emt 0:00:29]} f3+ {[%emt 0:00:28]} 58. Kg3 {[%emt 0:00:05]} Kf1 {[%emt 0:00:14]} 59. Rc4 {[%emt 0:01:09]} Re1 {[%emt 0:00:04]} 60. Rc3 {[%emt 0:00:38]} e3 {[%emt 0:01:57]} 61. Rxe3 {[%emt 0:00:05]} Rxe3 {[%emt 0:00:04]} 62. fxe3 {[%emt 0:00:04]} f2 {[%emt 0:00:01]} 63. g5 {[%emt 0:00:04]} Ke1 {[%emt 0:00:28]} 64. Kg4 {[%emt 0:01:29]} Rd7 {[%emt 0:01:17]} 65. Rxf2 {[%emt 0:00:25]} Kxf2 {[%emt 0:00:04]} 66. g6 {[%emt 0:00:47]} Kxe3 {[%emt 0:00:04]} 67. Kf5 {[%emt 0:00:03]} 1/2-1/2

[Event "Vergani Le Terrazze-Elite 2019"]
[Site "Villorba"]
[Date "2019.01.04"]
[Round "5"]
[White "Prithu Gupta"]
[Black "Basso, Pier Luigi"]
[Result "1/2-1/2"]
[WhiteElo "2462"]
[BlackElo "2522"]
[Annotator "ChessBase"]
[PlyCount "119"]
[EventDate "2019.01.02"]
[EventType "swiss"]
[EventCountry "ITA"]
[SourceTitle "playchess.com"]
[Source "ChessBase"]
[SourceQuality "1"]
[TimeControl "5400+30"]

1. e4 {[%emt 0:00:00]} e5 {[%emt 0:09:26]} 2. Nf3 {[%emt 0:00:00]} Nc6 {[%emt 0:00:05]} 3. Bb5 {[%emt 0:00:00]} g6 {[%emt 0:00:55]} 4. c3 {[%emt 0:00:06]} a6 {[%emt 0:00:05]} 5. Bxc6 {[%emt 0:00:08]} dxc6 {[%emt 0:00:05]} 6. d4 {[%emt 0:00:06]} exd4 {[%emt 0:00:04]} 7. cxd4 {[%emt 0:00:05]} Bg4 {[%emt 0:00:05]} 8. Be3 {[%emt 0:01:42]} Bg7 {[%emt 0:03:01]} 9. Nc3 {[%emt 0:00:05]} Ne7 {[%emt 0:00:10]} 10. h3 {[%emt 0:04:24]} Bxf3 {[%emt 0:00:50]} 11. Qxf3 {[%emt 0:00:02]} O-O {[%emt 0:00:16]} 12. Rd1 {[%emt 0:08:52]} f5 {[%emt 0:00:49]} 13. e5 {[%emt 0:04:21]} f4 {[%emt 0:04:41]} 14. Bc1 {[%emt 0:00:05]} Nf5 {[%emt 0:01:42]} 15. Qxf4 {[%emt 0:05:33]} Bh6 {[%emt 0:06:04]} 16. Qe4 {[%emt 0:05:35]} Bxc1 {[%emt 0:00:07]} 17. Rxc1 {[%emt 0:00:01]} Qxd4 {[%emt 0:01:36]} 18. Qxd4 {[%emt 0:03:58]} Nxd4 {[%emt 0:00:02]} 19. O-O {[%emt 0:02:04]} Rf5 {[%emt 0:01:04]} 20. Rcd1 {[%emt 0:04:08]} Ne6 {[%emt 0:05:05]} 21. Rfe1 {[%emt 0:11:37]} Re8 {[%emt 0:01:17]} 22. Ne4 {[%emt 0:05:00]} Re7 {[%emt 0:01:02]} 23. Nd6 {[%emt 0:04:11]} cxd6 {[%emt 0:01:40]} 24. exd6 {[%emt 0:00:02]} Rd7 {[%emt 0:01:44]} 25. Rxe6 {[%emt 0:00:10]} Rd5 {[%emt 0:01:11]} 26. Rxd5 {[%emt 0:06:03]} cxd5 {[%emt 0:00:20]} 27. Re7 {[%emt 0:07:26]} Rxd6 {[%emt 0:09:02]} 28. Rxb7 {[%emt 0:00:20]} Rc6 {[%emt 0:00:10]} 29. Kf1 {[%emt 0:03:59]} Rc2 {[%emt 0:00:02]} 30. a3 {[%emt 0:01:53]} d4 {[%emt 0:04:46]} 31. Ke1 {[%emt 0:03:20]} d3 {[%emt 0:00:51]} 32. Rb3 {[%emt 0:05:11]} Re2+ {[%emt 0:01:07]} 33. Kf1 {[%emt 0:00:06]} Rd2 {[%emt 0:00:17]} 34. g3 {[%emt 0:02:38]} Kf7 {[%emt 0:01:38]} 35. Kg2 {[%emt 0:02:01]} Ke6 {[%emt 0:01:03]} 36. Kf3 {[%emt 0:00:07]} Re2 {[%emt 0:02:56]} 37. Rxd3 {[%emt 0:00:54]} Rxb2 {[%emt 0:00:03]} 38. Rc3 {[%emt 0:04:31]} a5 {[%emt 0:01:24]} 39. Rc7 {[%emt 0:01:03]} h6 {[%emt 0:03:18]} 40. Rc6+ {[%emt 0:02:13]} Kf7 {[%emt 0:00:14]} 41. Rc3 {[%emt 0:00:53]} Ke6 {[%emt 0:00:36]} 42. Kg2 {[%emt 0:00:25]} Ra2 {[%emt 0:00:10]} 43. h4 {[%emt 0:02:37]} h5 {[%emt 0:05:44]} 44. Kf3 {[%emt 0:00:18]} a4 {[%emt 0:01:05]} 45. Ke3 {[%emt 0:02:30]} Ke5 {[%emt 0:01:41]} 46. f3 {[%emt 0:00:45]} Ra1 {[%emt 0:02:14]} 47. Rc5+ {[%emt 0:01:11]} Kf6 {[%emt 0:00:10]} 48. Rc6+ {[%emt 0:00:29]} Kf5 {[%emt 0:00:11]} 49. Rc5+ {[%emt 0:00:16]} Kf6 {[%emt 0:00:06]} 50. Kf4 {[%emt 0:00:18]} Rxa3 {[%emt 0:00:07]} 51. Rc6+ {[%emt 0:00:04]} Kf7 {[%emt 0:00:09]} 52. Ra6 {[%emt 0:00:26]} Kg7 {[%emt 0:02:53]} 53. Ra7+ {[%emt 0:01:30]} Kf6 {[%emt 0:00:14]} 54. g4 {[%emt 0:00:32]} hxg4 {[%emt 0:00:05]} 55. fxg4 {[%emt 0:00:04]} g5+ {[%emt 0:01:02]} 56. hxg5+ {[%emt 0:00:06]} Kg6 {[%emt 0:00:02]} 57. Ra6+ {[%emt 0:00:10]} Kg7 {[%emt 0:00:05]} 58. g6 {[%emt 0:00:26]} Rb3 {[%emt 0:00:15]} 59. Rxa4 {[%emt 0:00:08]} Kxg6 {[%emt 0:00:05]} 60. Ke4 {[%emt 0:02:52]} 1/2-1/2

[Event "Vergani Le Terrazze-Elite 2019"]
[Site "Villorba"]
[Date "2019.01.04"]
[Round "5"]
[White "Sadhwani, Raunak"]
[Black "Dreev, Aleksey"]
[Result "1/2-1/2"]
[WhiteElo "2451"]
[BlackElo "2670"]
[Annotator "TA"]
[PlyCount "87"]
[EventDate "2019.01.02"]
[EventType "swiss"]
[EventCountry "ITA"]
[SourceTitle "playchess.com"]
[Source "ChessBase"]
[SourceQuality "1"]

{[%evp 34,87,0,0,0,0,0,0,0,0,0,0,7,0,0,0,8,0,0,0,16,16,13,14,18,29,23,21,29,8,25,25,43,14,14,18,24,28,36,25,72,52,22,22,81,31,31,0,0,0,0,0,0,0,0,0]} 1. e4 c6 2. d4 d5 3. exd5 cxd5 4. c4 Nf6 {[%cal Bg8f6,Bf6d5,Bd5b6][%mdl 32]} 5. Nc3 Nc6 6. Nf3 Bg4 7. cxd5 Nxd5 8. Qb3 Bxf3 9. gxf3 Nb6 10. Be3 e6 11. O-O-O Be7 12. d5 exd5 13. Nxd5 Nxd5 14. Rxd5 Qc7 15. Kb1 O-O 16. f4 Rad8 {B13: Caro-Kann: Exchange Variation and Panov-Botvinnik Attack} (16... Nb4 17. Rd4 Nc6 {½-½ (19) David,A (2555)-Basso,P (2529) Salerno 2018}) 17. Bg2 Rxd5 18. Bxd5 {LiveBook: 3 Games} Bf6 19. Rc1 Qd7 20. Be4 Rd8 21. Qa4 $146 ({Predecessor:} 21. Qb5 a6 22. Qf5 Qxf5 23. Bxf5 Bd4 24. Rd1 Bxe3 25. Rxd8+ Nxd8 26. fxe3 {½-½ (38) Taylor Bowd,P (2075)-Rasmussen,H (2150) Copenhagen 2004}) 21... h5 22. Qb5 Qe6 23. Qf5 (23. Bc2 {feels hotter.} h4 24. Qf5 Qxf5 25. Bxf5 Bd4 26. Rd1) 23... Qxf5 24. Bxf5 Bd4 25. Be4 Bxe3 26. fxe3 $11 {[%mdl 4096] Endgame KRB-KRN} Rd6 27. Rc5 Re6 28. Bxc6 bxc6 29. Rxh5 Rxe3 {KR-KR} 30. Ra5 Re7 31. Ra6 Rc7 32. Kc2 Kh7 33. Kd3 Kg6 34. Ke4 Re7+ 35. Kf3 Rc7 36. b4 Kf5 37. h4 Rd7 38. Ra5+ Ke6 (38... Kg6 $1 $11 {keeps the balance.}) 39. Ke4 g6 40. a3 f5+ {The position is equal.} 41. Kf3 Rd3+ 42. Kg2 Rd4 43. Kg3 Rd3+ 44. Kg2 {Accuracy: White = 61%, Black = 61%.} 1/2-1/2

[Event "Vergani Le Terrazze-Elite 2019"]
[Site "Villorba"]
[Date "2019.01.04"]
[Round "5"]
[White "Horvath, Dominik"]
[Black "Blohberger, Felix"]
[Result "0-1"]
[WhiteElo "2417"]
[BlackElo "2450"]
[Annotator "ChessBase"]
[PlyCount "68"]
[EventDate "2019.01.02"]
[EventType "swiss"]
[EventCountry "ITA"]
[SourceTitle "playchess.com"]
[Source "ChessBase"]
[SourceQuality "1"]
[TimeControl "5400+30"]

1. c4 {[%emt 0:00:00]} e6 {[%emt 0:04:22]} 2. Nc3 {[%emt 0:00:12]} Bb4 {[%emt 0:00:26]} 3. Qb3 {[%emt 0:00:52]} a5 {[%emt 0:05:26]} 4. a3 {[%emt 0:00:49]} Bxc3 {[%emt 0:00:17]} 5. Qxc3 {[%emt 0:00:04]} Nf6 {[%emt 0:00:07]} 6. g3 {[%emt 0:03:21]} O-O {[%emt 0:00:16]} 7. Bg2 {[%emt 0:00:06]} d6 {[%emt 0:00:06]} 8. Nf3 {[%emt 0:08:25]} e5 {[%emt 0:13:54]} 9. d3 {[%emt 0:00:08]} c5 {[%emt 0:05:40]} 10. Bg5 {[%emt 0:02:22]} Nc6 {[%emt 0:00:55]} 11. O-O {[%emt 0:00:27]} h6 {[%emt 0:00:47]} 12. Bxf6 {[%emt 0:01:16]} Qxf6 {[%emt 0:00:07]} 13. e3 {[%emt 0:01:12]} Be6 {[%emt 0:04:08]} 14. Nd2 {[%emt 0:05:06]} Qe7 {[%emt 0:06:37]} 15. f4 {[%emt 0:01:12]} exf4 {[%emt 0:04:04]} 16. gxf4 {[%emt 0:02:29]} Qd7 {[%emt 0:03:37]} 17. Rf3 {[%emt 0:08:39]} Ne7 {[%emt 0:08:30]} 18. Ne4 {[%emt 0:01:59]} Kh8 {[%emt 0:02:21]} 19. Kh1 {[%emt 0:07:41]} f6 {[%emt 0:02:49]} 20. Rg1 {[%emt 0:01:12]} b6 {[%emt 0:02:27]} 21. Rg3 {[%emt 0:11:40]} d5 {[%emt 0:04:29]} 22. cxd5 {[%emt 0:06:20]} Nxd5 {[%emt 0:00:06]} 23. Qe1 {[%emt 0:00:19]} Rae8 {[%emt 0:02:02]} 24. Nc3 {[%emt 0:04:08]} Re7 {[%emt 0:04:03]} 25. Nxd5 {[%emt 0:03:57]} Bxd5 {[%emt 0:00:06]} 26. e4 {[%emt 0:00:10]} Bc6 {[%emt 0:01:38]} 27. Qd1 {[%emt 0:04:12]} Qd4 {[%emt 0:08:52]} 28. Qh5 {[%emt 0:01:09]} f5 {[%emt 0:01:05]} 29. Rg6 {[%emt 0:03:15]} Be8 {[%emt 0:02:42]} 30. Rxh6+ {[%emt 0:00:31]} gxh6 {[%emt 0:00:07]} 31. Qxh6+ {[%emt 0:00:02]} Kg8 {[%emt 0:00:07]} 32. e5 {[%emt 0:00:41]} Rg7 {[%emt 0:00:45]} 33. Qe6+ {[%emt 0:00:43]} Bf7 {[%emt 0:01:32]} 34. Qxf5 {[%emt 0:00:49]} Bd5 {[%emt 0:00:43]} 0-1

[Event "Vergani Le Terrazze-Elite 2019"]
[Site "Villorba"]
[Date "2019.01.04"]
[Round "5"]
[White "Gilevych, Artem"]
[Black "Gazik, Victor"]
[Result "1-0"]
[WhiteElo "2404"]
[BlackElo "2504"]
[Annotator "TA"]
[PlyCount "96"]
[EventDate "2019.01.02"]
[EventType "swiss"]
[EventCountry "ITA"]
[SourceTitle "playchess.com"]
[Source "ChessBase"]
[SourceQuality "1"]

{[%evp 19,96,8,17,22,39,16,27,17,50,11,80,83,70,79,95,86,121,114,133,114,112,109,114,104,89,107,124,124,181,129,165,163,206,198,230,217,271,273,336,332,331,328,320,324,319,315,323,271,460,448,629,294,213,141,606,484,570,552,637,545,754,744,716,629,2018,2010,1595,436,913,500,695,599,2479,1322,29988,29989,29989,29990,29995]} 1. d4 Nf6 2. c4 Nc6 3. g3 g6 4. Bg2 Bg7 5. Nc3 O-O 6. Nf3 d6 7. O-O a6 8. Nd5 Bg4 {E63: King's Indian: Fianchetto: Panno Variation with 7...a6} (8... e6 9. Nxf6+ Bxf6 10. d5 Ne5 11. Nxe5 Bxe5 12. dxe6 Bxe6 13. Bxb7 Rb8 14. Bd5 Bxb2 15. Rb1 Bxc1 {½-½ (15) Mamedyarov,S (2699)-Bologan,V (2666) Foros 2006}) 9. Ne3 Bxf3 10. Bxf3 Nd7 {LiveBook: 3 Games. The position is equal.} 11. Nc2 Rb8 12. b3 e5 {[%cal Rc6d4]} 13. Bb2 {[#]} h5 $146 ({Predecessor:} 13... Nxd4 14. Nxd4 exd4 15. Bxd4 Qe7 16. Rc1 Bxd4 17. Qxd4 {0-1 (77) Shalamberidze,A (2348)-Shanava,K (2556) Poti 2010}) 14. Qd2 Qe7 (14... exd4 $11 {keeps the balance.} 15. Bxc6 bxc6) 15. d5 $16 Nd8 16. e4 h4 17. Bg2 Bf6 18. Rae1 Kg7 19. Ne3 Rh8 20. Ng4 Kg8 21. f4 {[%cal Bf2f4,Bf4f5][%mdl 32]} Bg7 22. f5 Nf6 23. Qd1 Nh5 (23... g5 $16 24. Qe2 Nxg4) 24. Re3 (24. Bc1 $18 gxf5 25. Rxf5 hxg3 26. hxg3 Nxg3 27. Bg5) 24... b5 25. cxb5 Rxb5 26. Qf3 gxf5 27. Qxf5 hxg3 28. hxg3 Rc5 29. Rf2 c6 30. Ba3 {[%cal Bb2a3,Ba3b4,Bb4d2,Bd2g5][%mdl 32]} Ra5 31. Bb4 Rb5 32. Bd2 Rc5 33. Rd3 Qc7 $2 (33... cxd5 34. exd5 Rc2) 34. Bg5 $18 Nb7 (34... Rh7 $142 35. Bxd8 Qxd8 36. Qxf7+ Kh8) 35. dxc6 (35. b4 $142) 35... Rxc6 36. Rdf3 {[#] aiming for Ne3.} Nc5 $2 {[%mdl 8192]} (36... d5 $16 37. Qxf7+ Qxf7 38. Rxf7 Rg6) 37. Ne3 f6 38. Nd5 Qf7 39. Rc3 a5 40. Bf1 Kf8 41. Bb5 Rc7 42. Nxc7 Qxc7 {[#]} 43. Bc4 (43. Rxc5 $142 $1 {[%mdl 512]} Qxc5 44. Qd7) 43... Qa7 (43... Qd7 $142 44. Qxd7 Nxd7) 44. Kg2 {Black must now prevent Be3.} Ke7 45. Be3 Kd8 46. Be2 Qf7 47. Bxc5 dxc5 48. Rxc5 Ke8 {Precision: White = 43%, Black = 21%.} 1-0

[Event "Vergani Le Terrazze-Elite 2019"]
[Site "Villorba"]
[Date "2019.01.04"]
[Round "5"]
[White "Carnicelli, Valerio"]
[Black "Repka, Christopher"]
[Result "1-0"]
[WhiteElo "2241"]
[BlackElo "2491"]
[Annotator "RC"]
[PlyCount "119"]
[EventDate "2019.01.02"]
[EventType "swiss"]
[EventCountry "ITA"]
[SourceTitle "playchess.com"]
[Source "ChessBase"]
[SourceQuality "1"]
[TimeControl "5400+30"]

1. e4 {[%emt 1:30:30]} e5 {[%emt 1:30:30]} 2. Nf3 {[%emt 0:00:30]} Nc6 {[%emt 0:00:30]} 3. d4 {[%emt 0:00:30]} exd4 {[%emt 0:00:30]} 4. Nxd4 {[%emt 0:00:30]} Nf6 {[%emt 0:00:30]} 5. Nxc6 {[%emt 0:00:30]} bxc6 {[%emt 0:00:30]} 6. e5 {[%emt 0:00:30]} Qe7 {[%emt 0:00:30]} 7. Qe2 {[%emt 0:00:30]} Nd5 {[%emt 0:00:30]} 8. c4 {[%emt 0:00:30]} Ba6 {[%emt 0:00:30]} 9. b3 {[%emt 0:00:30]} g6 {[%emt 0:00:30]} 10. g3 {[%emt 0:00:30]} Bg7 {[%emt 0:00:30]} 11. Bb2 {[%emt 0:00:30]} O-O {[%emt 0:00:30]} 12. Bg2 {[%emt 0:00:30]} Rfe8 {[%emt 0:00:30]} 13. O-O {[%emt 0:00:30]} Bxe5 {[%emt 0:00:30]} 14. Qxe5 {[%emt 0:00:30]} Qxe5 {[%emt 0:00:30]} 15. Bxe5 {[%emt 0:00:30]} Rxe5 {[%emt 0:00:30]} 16. cxd5 {[%emt 0:00:30]} Bxf1 {[%emt 0:00:30]} 17. Kxf1 {[%emt 0:00:30]} cxd5 {[%emt 0:00:30]} 18. Nc3 {[%emt 0:00:30]} c6 {[%emt 0:00:30]} 19. Na4 {[%emt 0:00:30]} Kf8 {[%emt 0:00:30]} 20. Nc5 {[%emt 0:00:30]} Ke8 {[%emt 0:00:30]} 21. Rd1 {[%emt 0:00:30]} Rb8 {[%emt 0:00:30]} 22. Rd4 {[%emt 0:00:30]} a5 {[%emt 0:00:30]} 23. Nd3 {[%emt 0:00:30]} Re7 {[%emt 0:00:30]} 24. Ra4 {[%emt 0:00:30]} Rb5 {[%emt 0:00:30]} 25. b4 {[%emt 0:00:30]} d6 {[%emt 0:00:30]} 26. Rxa5 {[%emt 0:00:30]} Rxa5 {[%emt 0:00:30]} 27. bxa5 {[%emt 0:00:30]} Ra7 {[%emt 0:00:30]} 28. Nb4 {[%emt 0:00:30]} Kd7 {[%emt 0:00:30]} 29. a6 {[%emt 0:00:30]} c5 {[%emt 0:00:30]} 30. Nxd5 {[%emt 0:00:30]} Rxa6 {[%emt 0:00:30]} 31. a4 {[%emt 0:00:30]} Kd8 {[%emt 0:00:30]} 32. Nc3 {[%emt 0:00:30]} Rb6 {[%emt 0:00:30]} 33. Bd5 {[%emt 0:00:30]} f5 34. Ke2 {[%emt 0:00:30]} Rb2+ {[%emt 0:01:00]} 35. Kd3 {[%emt 0:00:30]} Rxf2 {[%emt 0:00:30]} 36. a5 {[%emt 0:00:30]} Rf1 {[%emt 0:00:30]} 37. a6 {[%emt 0:00:30]} Ra1 {[%emt 0:00:30]} 38. Na2 {[%emt 0:00:30]} Kc7 {[%emt 0:00:30]} 39. a7 {[%emt 0:00:30]} c4+ {[%emt 0:00:30]} 40. Kxc4 {[%emt 0:00:30]} Rxa2 {[%emt 0:00:30]} 41. a8=Q {[%emt 0:00:30]} Rxa8 42. Bxa8 {[%emt 0:00:30]} Kd7 {[%emt 0:01:00]} 43. Bf3 {[%emt 0:00:30]} Ke6 {[%emt 0:00:30]} 44. Kd4 {[%emt 0:00:30]} g5 {[%emt 0:00:30]} 45. Bh5 {[%emt 0:00:30]} Kf6 {[%emt 0:00:30]} 46. h3 {[%emt 0:00:30]} g4 {[%emt 0:00:30]} 47. hxg4 {[%emt 0:00:30]} fxg4 {[%emt 0:00:30]} 48. Bxg4 {[%emt 0:00:30]} Kg5 {[%emt 0:00:30]} 49. Bh3 {[%emt 0:00:30]} h5 {[%emt 0:00:30]} 50. Kd5 {[%emt 0:00:30]} h4 {[%emt 0:00:30]} 51. g4 {[%emt 0:00:30]} Kf4 {[%emt 0:00:30]} 52. Kxd6 {[%emt 0:00:30]} Kg3 {[%emt 0:00:30]} 53. g5 {[%emt 0:00:30]} Kxh3 {[%emt 0:00:30]} 54. g6 {[%emt 0:00:30]} Kh2 {[%emt 0:00:30]} 55. g7 {[%emt 0:00:30]} h3 {[%emt 0:00:30]} 56. g8=Q {[%emt 0:00:30]} Kh1 {[%emt 0:00:30]} 57. Qd5+ {[%emt 0:00:30]} Kg1 {[%emt 0:00:30]} 58. Qd4+ {[%emt 0:00:30]} Kh1 {[%emt 0:00:30]} 59. Qf2 {[%emt 0:00:30]} h2 {[%emt 0:00:30]} 60. Qf1# {[%emt 0:00:30]} 1-0

[Event "Vergani Le Terrazze-Elite 2019"]
[Site "Villorba"]
[Date "2019.01.04"]
[Round "6"]
[White "Dreev, Aleksey"]
[Black "Carnicelli, Valerio"]
[Result "1-0"]
[WhiteElo "2670"]
[BlackElo "2241"]
[Annotator "TA"]
[PlyCount "97"]
[EventDate "2019.01.02"]
[EventType "swiss"]
[EventCountry "ITA"]
[SourceTitle "playchess.com"]
[Source "ChessBase"]
[SourceQuality "1"]

{[%evp 24,97,16,20,40,42,42,37,41,32,44,37,50,38,41,26,57,36,48,41,68,36,41,41,41,42,39,40,39,39,38,39,41,41,41,41,41,41,41,41,54,35,42,53,116,111,156,154,149,149,170,165,148,164,264,266,246,213,225,141,388,400,322,368,409,383,714,664,1345,1380,1338,1307,1256,1254,1113,1000]} 1. d4 Nf6 2. Nf3 g6 3. g3 Bg7 4. Bg2 O-O 5. O-O d6 6. b3 e5 7. dxe5 dxe5 8. Ba3 Re8 {A49: 1 d4 Nf6 2 Nf3 g6 3 g3: Anti-King's Indian systems} 9. Qxd8 Rxd8 10. Nc3 Nc6 11. Rad1 Bf5 12. Nh4 Bd7 13. Rd2 {LiveBook: 3 Games} Be8 14. Rfd1 Rxd2 15. Rxd2 Rd8 16. Nf3 {[#]} Rd7 $146 17. e3 Bf8 18. Bb2 a6 19. a3 h6 20. Bh3 Rxd2 21. Nxd2 Bd7 22. Nde4 (22. Nd5 $5 Nxd5 23. Bxd7 $14) 22... Nxe4 23. Bxd7 Bxa3 24. Bxa3 Nxc3 $14 {[%mdl 4096] Endgame KBB-KNN} 25. Bb2 Nb5 26. Bxc6 $1 bxc6 27. Bxe5 {KB-KN} f5 28. Kf1 Kf7 29. Ke2 Ke6 30. Bg7 h5 $1 31. Kd3 Nd6 32. Bh6 Kf6 33. f3 g5 ({Black should play} 33... c5 $1 $14) 34. h4 $1 $16 g4 35. fxg4 $1 fxg4 36. Bf4 c5 37. e4 {And now e5+ would win.} Ke6 38. c4 $1 c6 (38... Kd7 {was called for.}) 39. Ke3 $1 $18 {Bxd6 is the strong threat.} Nf7 40. Bc7 $1 Ne5 41. Bb6 $1 Nd7 $2 (41... Nf3 $16 {was necessary.}) 42. Ba5 $1 Ne5 {[#]} 43. Kf4 $1 Nf3 {[#]} 44. Bc3 $1 Nd4 $2 (44... a5 45. Bxa5 Kf6 46. Bc3+ Kg6) 45. Kg5 {White is clearly winning.} Ke5 46. Kxh5 Kxe4 47. Kxg4 Kd3 48. Be1 Ke2 49. h5 {Accuracy: White = 81%, Black = 43%.} 1-0